01713nam a2200373Ia 4500001001200000003000800012006001900020007001500039008004100054010001700095020002200112020001800134020002500152040002100177035002100198050002100219245011400240260005900354300001500413500019500428504005300623533015200676650003400828650003300862650003300895650005700928650004500985655002901030700002201059710001701081711009801098856012601196999001701322ebr10677154CaPaEBRm u cr cn|||||||||080418s2007 enk sb 101 0 eng d z 2008371422 z1847183271 (hbk.) z9781443810401 z9781847183279 (hbk.) aCaPaEBRcCaPaEBR a(OCoLC)84761826914aP40b.L52 2007eb00aLinguistic identity in postcolonial multilingual spacesh[electronic resource] /cedited by Eric A. Anchimbe. aNewcastle, UK :bCambridge Scholars Publishing,c2007. axi, 350 p. aIncludes rev. version of papers originally presented at a section of the Innovations and Reproductions in Cultures and Societies Conference, which was held Dec. 9-11, 2005, Vienna, Austria. aIncludes bibliographical references and indexes. aElectronic reproduction.bPalo Alto, Calif. :cebrary,d2013.nAvailable via World Wide Web.nAccess may be limited to ebrary affiliated libraries. 0aSociolinguisticsvCongresses. 0aMultilingualismvCongresses. 0aPostcolonialismvCongresses. 0aMultilingual personsxSocial conditionsvCongresses. 0aAnthropological linguisticsvCongresses. 7aElectronic books.2local1 aAnchimbe, Eric A.2 aebrary, Inc.2 aInnovations and Reproductions in Cultures and Societies Conferenced(2005 :cVienna, Austria)40uhttp://site.ebrary.com/lib/rucke/Doc?id=10677154zAn electronic book accessible through the World Wide Web; click to view c58904d58904